[Event "Arco Christmas op 5th"]
[Site "Arco"]
[Date "2014.12.27"]
[Round "2"]
[White "Orfini, Nicolo"]
[Black "Teutsch, Alexander"]
[Result "1-0"]
[WhiteElo "2024"]
[BlackElo "2158"]
[PlyCount "67"]
[EventDate "2014.12.26"]
[EventType "swiss"]
[EventRounds "7"]
[EventCountry "ITA"]
[SourceTitle "CBM 164 Extra"]
[Source "ChessBase"]
[SourceDate "2015.03.02"]
[SourceVersion "1"]
[SourceVersionDate "2015.03.02"]
[SourceQuality "1"]

1. e4 c5 2. Nf3 d6 3. d4 Nf6 4. Nc3 cxd4 5. Nxd4 Nc6 6. f3 e5 7. Nb3 Be7 8. Be3 0-0 9. Qd2 a5 10. Na4 d5 11. Bb6 Qe8 12. Bb5 Bd7 13. c3 Nb8 14. Bxd7 Qxd7 15. Bc5 Bxc5 16. Naxc5 Qc8 17. Qe3 a4 18. Nd2 b6 19. Nd3 a3 20. 0-0 axb2 21. Nxb2 Nc6 22. Nb3 Qe6 23. Rfd1 dxe4 24. fxe4 Rxa2 25. Rxa2 Qxb3 26. Rda1 Rd8 27. h3 h6 28. Na4 Rd1+ 29. Kh2 Rxa1 30. Rxa1 Qc2 31. Nxb6 Nh5 32. Nd5 Kh7 33. Qf3 Qb2 34. Qf5+ 1-0

[Event "Arco Christmas op 5th"]
[Site "Arco"]
[Date "2014.12.26"]
[Round "1"]
[White "Teutsch, Alexander"]
[Black "Fiscato, Claudio"]
[Result "1-0"]
[WhiteElo "2158"]
[BlackElo "1763"]
[PlyCount "65"]
[EventDate "2014.12.26"]
[EventType "swiss"]
[EventRounds "7"]
[EventCountry "ITA"]
[SourceTitle "CBM 164 Extra"]
[Source "ChessBase"]
[SourceDate "2015.03.02"]
[SourceVersion "1"]
[SourceVersionDate "2015.03.02"]
[SourceQuality "1"]

1. d4 Nf6 2. c4 e6 3. Nc3 Bb4 4. e3 0-0 5. Bd3 d5 6. Nge2 c5 7. a3 Bxc3+ 8. bxc3 dxc4 9. Bxc4 b6 10. 0-0 Nbd7 11. a4 Bb7 12. Ba3 Qc7 13. f3 Rfd8 14. Qb3 Rac8 15. Rac1 Nd5 16. Bxd5 exd5 17. Nf4 c4 18. Qc2 Re8 19. Rce1 g6 20. Bc1 Nf6 21. g4 g5 22. Qf5 gxf4 23. Qg5+ Kh8 24. Qxf6+ Kg8 25. Qg5+ Kh8 26. Qf6+ Kg8 27. exf4 Qc6 28. Qh4 f5 29. Re5 Qg6 30. Rxf5 Kh8 31. Rh5 Rc7 32. f5 Qf7 33. Bf4 1-0

[Event "Porto San Giorgio op 25th"]
[Site "Porto San Giorgio"]
[Date "2014.08.29"]
[Round "8"]
[White "Rossi, Aldo A"]
[Black "Teutsch, Alexander"]
[Result "1-0"]
[WhiteElo "2262"]
[BlackElo "2149"]
[PlyCount "55"]
[EventDate "2014.08.22"]
[EventType "swiss"]
[EventRounds "9"]
[EventCountry "ITA"]
[SourceTitle "CBM 162 Extra"]
[Source "ChessBase"]
[SourceDate "2014.10.17"]
[SourceVersion "1"]
[SourceVersionDate "2014.10.17"]
[SourceQuality "1"]

1. d4 Nf6 2. c4 c5 3. d5 e6 4. Nc3 exd5 5. cxd5 d6 6. Nf3 g6 7. Qa4+ Nbd7 8. Bf4 Be7 9. e4 0-0 10. Qc2 Re8 11. Bd3 a6 12. a4 Qa5 13. 0-0 Nh5 14. Be3 Bf8 15. Nd2 Ne5 16. Be2 Nf6 17. h3 Bg7 18. f4 Ned7 19. g4 h6 20. Nc4 Qc7 21. Bf3 Rb8 22. Qb3 b5 23. axb5 axb5 24. Nxb5 Rxb5 25. Qxb5 Nxe4 26. Qc6 Qb7 27. Ra8 Nef6 28. Nxd6 1-0

[Event "Civitanova Marche op"]
[Site "Civitanova Marche"]
[Date "2012.08.22"]
[Round "2"]
[White "Sanchez, Joseph"]
[Black "Teutsch, Alexander"]
[Result "1-0"]
[WhiteElo "2529"]
[BlackElo "2095"]
[PlyCount "51"]
[EventDate "2012.08.21"]
[EventType "swiss"]
[EventRounds "9"]
[EventCountry "ITA"]
[SourceTitle "CBM 150 Extra"]
[Source "ChessBase"]
[SourceDate "2012.10.19"]
[SourceVersion "1"]
[SourceVersionDate "2012.10.19"]
[SourceQuality "1"]

1. e4 e5 2. Nf3 d6 3. Nc3 Nf6 4. d4 exd4 5. Nxd4 Be7 6. Bf4 0-0 7. Qd3 Na6 8. 0-0-0 Nc5 9. Qe3 Re8 10. Be2 Bf8 11. Bf3 Ng4 12. Bxg4 Bxg4 13. f3 Bd7 14. g4 a6 15. h4 b5 16. h5 b4 17. Nd5 Na4 18. h6 c6 19. hxg7 Bxg7 20. Bg5 f6 21. Bh6 Bh8 22. Qb3 cxd5 23. Qxd5+ Be6 24. Nxe6 Nb6 25. Qb3 Qd7 26. Nc7+ 1-0

[Event "ITA-ch B"]
[Site "Civitanova Marche"]
[Date "2012.07.21"]
[Round "7"]
[White "Teutsch, Alexander"]
[Black "Spornberger, Andre"]
[Result "0-1"]
[WhiteElo "2089"]
[BlackElo "1982"]
[PlyCount "61"]
[EventDate "2012.07.15"]
[EventType "swiss"]
[EventRounds "8"]
[EventCountry "ITA"]
[SourceTitle "EXT 2023"]
[Source "ChessBase"]
[SourceDate "2022.10.05"]
[SourceVersion "1"]
[SourceVersionDate "2022.10.05"]
[SourceQuality "1"]

1. d4 g6 2. c4 Bg7 3. Nc3 d6 4. e4 a6 5. f4 c6 6. Nf3 b5 7. e5 Nh6 8. Be3 Bg4 9. cxb5 axb5 10. Be2 Nf5 11. Bf2 Bh6 12. g3 d5 13. Nd2 Bxe2 14. Nxe2 e6 15. Qc2 Bf8 16. 0-0 h5 17. Nf3 Be7 18. a4 0-0 19. b3 Qb6 20. h3 Na6 21. Kg2 Nb4 22. Qd2 bxa4 23. bxa4 c5 24. g4 Ng7 25. Ng3 c4 26. Qe2 Nd3 27. Qe3 Qc6 28. gxh5 gxh5 29. h4 Rxa4 30. Rxa4 Qxa4 31. Ng5 0-1

[Event "Chioggia op-A 06th"]
[Site "Chioggia"]
[Date "2011.10.08"]
[Round "2"]
[White "Tomio, Dante"]
[Black "Teutsch, Alexander"]
[Result "0-1"]
[WhiteElo "1865"]
[BlackElo "1956"]
[PlyCount "100"]
[EventDate "2011.10.07"]
[EventType "swiss"]
[EventRounds "5"]
[EventCountry "ITA"]
[SourceTitle "EXT 2022"]
[Source "ChessBase"]
[SourceDate "2021.10.06"]
[SourceVersion "1"]
[SourceVersionDate "2021.10.06"]
[SourceQuality "1"]

1. e4 d5 2. exd5 Nf6 3. c4 c6 4. dxc6 Nxc6 5. Nf3 e5 6. Nc3 Bf5 7. d3 Bb4 8. Be2 Qd7 9. 0-0 0-0-0 10. Qb3 Bxc3 11. bxc3 Bxd3 12. Bxd3 Qxd3 13. Be3 Qd7 14. Rab1 Qc7 15. Qb5 Ne4 16. Rb3 a6 17. Qa4 Qa5 18. Qxa5 Nxa5 19. Rb4 Nc6 20. Rb3 f6 21. Rfb1 Na5 22. Ra3 Nxc4 23. Ra4 Nxe3 24. Rxe4 Nd5 25. Rc4+ Kb8 26. Nd2 Nxc3 27. Rxc3 Rxd2 28. Rcb3 Rd7 29. g3 Rc8 30. Kg2 Rc2 31. a3 Ra2 32. h4 b5 33. Rf3 Rdd2 34. g4 e4 35. Rf4 e3 36. g5 fxg5 37. hxg5 Rxf2+ 38. Rxf2 Rxf2+ 39. Kg3 Ra2 40. Rh1 Rxa3 41. Rxh7 e2+ 42. Kf2 Re3 43. Ke1 Re7 44. g6 b4 45. Rh8+ Kc7 46. Rf8 b3 47. Ra8 b2 48. Ra7+ Kb6 49. Rxe7 b1Q+ 50. Kxe2 Qxg6 0-1

[Event "Chioggia op-A 06th"]
[Site "Chioggia"]
[Date "2011.10.07"]
[Round "1"]
[White "Teutsch, Alexander"]
[Black "Drei, Andrea"]
[Result "0-1"]
[WhiteElo "1956"]
[BlackElo "2260"]
[PlyCount "54"]
[EventDate "2011.10.07"]
[EventType "swiss"]
[EventRounds "5"]
[EventCountry "ITA"]
[SourceTitle "EXT 2022"]
[Source "ChessBase"]
[SourceDate "2021.10.06"]
[SourceVersion "1"]
[SourceVersionDate "2021.10.06"]
[SourceQuality "1"]

1. d4 Nf6 2. c4 e6 3. Nc3 Bb4 4. f3 c5 5. a3 Bxc3+ 6. bxc3 Qa5 7. Bd2 d6 8. Rb1 e5 9. e4 Nc6 10. Ne2 Qc7 11. Be3 b6 12. Ng3 Na5 13. Bd3 Ba6 14. d5 Qd7 15. Qe2 0-0 16. Nf5 g6 17. Bg5 Ne8 18. Nh6+ Kh8 19. Ng4 f5 20. exf5 gxf5 21. Nh6 Ng7 22. 0-0 Rae8 23. g4 Bc8 24. gxf5 Nh5 25. Qe4 Qg7 26. Qh4 Nf4 27. Bc2 Qxg5+ 0-1

[Event "EU Union-ch U14 8th"]
[Site "Mureck"]
[Date "2010.08.05"]
[Round "2"]
[White "Menezes, Christoph"]
[Black "Teutsch, Alexander"]
[Result "1-0"]
[WhiteElo "1947"]
[BlackElo "1779"]
[PlyCount "103"]
[EventDate "2010.08.04"]
[EventType "swiss"]
[EventRounds "9"]
[EventCountry "AUT"]
[SourceTitle "CBM 138 Extra"]
[Source "ChessBase"]
[SourceDate "2010.10.29"]
[SourceVersion "1"]
[SourceVersionDate "2010.10.29"]
[SourceQuality "1"]

1. d4 Nf6 2. c4 c5 3. d5 e6 4. Nc3 exd5 5. cxd5 d6 6. Nf3 g6 7. e4 Bg7 8. h3 0-0 9. Bd3 b5 10. Bxb5 Nxe4 11. Nxe4 Qa5+ 12. Nfd2 Qxb5 13. Nxd6 Qa6 14. N2c4 Rd8 15. Qe2 Bf8 16. Nxc8 Qxc8 17. Bf4 Rxd5 18. Bxb8 Rxb8 19. 0-0 Bg7 20. Rad1 Rd4 21. b3 Qd7 22. Rxd4 cxd4 23. Qd3 Qd5 24. Re1 a5 25. a4 Bf6 26. Rb1 Rb7 27. Qf3 Qxf3 28. gxf3 Ra7 29. Kf1 Kf8 30. Ke2 Ke7 31. Kd3 Ke6 32. Re1+ Kd5 33. Re8 h5 34. Rb8 Bh4 35. Rb5+ Ke6 36. Nxa5 Bxf2 37. Nc4 Ra6 38. a5 Ra7 39. b4 f6 40. Ke2 Bg3 41. Rc5 Bd6 42. Rb5 Rc7 43. Kd3 Be5 44. a6 Ra7 45. Rb6+ Kd7 46. Nxe5+ fxe5 47. Rxg6 Ra8 48. b5 Rf8 49. a7 Rxf3+ 50. Ke2 Re3+ 51. Kd2 Ra3 52. Ra6 1-0

[Event "Trento op"]
[Site "Trento"]
[Date "2008.03.30"]
[Round "5"]
[White "Teutsch, Alexander"]
[Black "Spornberger, Peter"]
[Result "1/2-1/2"]
[WhiteElo "1494"]
[BlackElo "1646"]
[PlyCount "51"]
[EventDate "2008.03.28"]
[EventType "swiss"]
[EventRounds "5"]
[EventCountry "ITA"]
[SourceTitle "EXT 2011"]
[Source "ChessBase"]
[SourceDate "2010.11.26"]
[SourceVersion "1"]
[SourceVersionDate "2010.11.26"]
[SourceQuality "1"]

1. Nf3 g6 2. g3 Bg7 3. Bg2 d6 4. 0-0 e5 5. d3 Nf6 6. e4 0-0 7. c3 h6 8. h3 Nc6 9. Nbd2 d5 10. Re1 dxe4 11. Nxe4 Nxe4 12. dxe4 Be6 13. a3 Qe7 14. Qc2 Na5 15. Nd2 c5 16. b4 cxb4 17. axb4 Nc4 18. Nxc4 Bxc4 19. Be3 b6 20. Red1 Qe6 21. Ra3 Rfc8 22. Kh2 Bf8 23. Rda1 a5 24. Qc1 Kh7 25. h4 Qc6 26. Qb1 1/2-1/2